'Sentenced' to Obscurity (US Capitals) Quiz Stats

 Plays Quiz Updated Mar 9, 2020

Support Sporcle.
Go Orange.
Score 0/20 Timer 08:00
2 Plays Today
Sentence Capital % Correct
Even though cop shows were something she liked to belittle, 'Rockford Files' made Irma's Top 10 list.Little Rock
82.3%
'YES!!!' whooped Gil through the attic vent. 'We have an input for phono, Lulu! We are golden!'Honolulu
79.8%
Brit said that August and September won't work due to her Cornish corn treatments.Augusta
78.7%
Sheriff Perch had three chief suspects: an indian, a Polish cowpoke, and a cross-dressing Swede.Indianapolis
73.6%
'I keep telling' ya – I ONLY do facials!' hollered Bart. 'You gotta see Frank for the pedicures!'Frankfort
73.5%
Wriggling out from under the trailer, Elbert asked Helga, 'Whatcha wanna eat first - dove, rat, or possum?'Dover
72.5%
Dr. Bart first suspected Elena had a Santa fetish when she slipped into bed in nothing but reindeer ears.Santa Fe
70.2%
'Cool!' shouted Kiki. 'The Charles' tongues are blue. I want some cotton candy too!!!'Charleston
65.3%
Dr. Bart wished to apply his Burmese bunion treatment to Brit in June, August, or September.Juneau
65%
'If I had one wish, Elena,' confided Dr. Bart, 'it would be that one time I'd get to wear the ears.'Helena
64.3%
Sentence Capital % Correct
'I think Billy Jack's onto us,' whispered Bobby Joe to Betty Sue. 'He's got my swim trunks and a gun.'Jackson
63.2%
'Ya mon, you gotta be a rich mon, Danny mon, to eat fried prawn at the Jamaican Swan, mon.'Richmond
61.1%
'Remember,' said Archer, still in his official LOTR Gandalf hat, 'Bilbo is especially courageous for a Hobbit.'Boise
57%
'Mohammad is on Gollum's side of the ring debate,' stated Archer. 'And he's not completely wrong.' Madison
55.3%
On his date with Brit, Archer wore the yellow Comic-Con corduroys and 'Spock for President' t-shirt.Concord
54%
In the final showdown with Lt. Flesh, Sal employed all his tricks - including his patented nippy twister.Salem
51.5%
While Fallopian had never heard Allan sing, she knew he'd be fab based on his nose yodeling.Lansing
44.8%
Yuri finished sixth at Central, eighth at South, and third – with a very fast time – at Ridgemont High.Raleigh
43.2%
Ed and Irma strolled the pier, reflecting on Joe Santos' role in the success of the 'Rockford Files.'Pierre
43%
'How can the principal ban you from all dances?' Helga asked Elbert. 'The gun wasn't even loaded.'Albany
39%

From the Vault

No Hint Sorting Gallery IV

by armadilloking

There are only 12 categories, how many hints could you possibly need?
Remove Ads.
Support Sporcle.
Get the best of Sporcle when you Go Orange. This ad-free experience offers more features, more stats, and more fun while also helping to support Sporcle. Thank you for becoming a member.

Show Comments

Extras

Top Quizzes Today


Score Distribution

Your Account Isn't Verified!

In order to create a playlist on Sporcle, you need to verify the email address you used during registration. Go to your Sporcle Settings to finish the process.

Report this User

Report this user for behavior that violates our Community Guidelines.

Details: